| 000 | 00560nam a2200169Ia 4500 | ||
|---|---|---|---|
| 008 | 240729s9999 xx 000 0 und d | ||
| 022 | _a2676-3451 | ||
| 245 | 0 | _aInternational Journal of Motor Control and Learning | |
| 260 | _aIran, Islamic Republic of | ||
| 260 | _bIranian Motor Behavior and Sport Psychology Association (IMBSPA) | ||
| 650 | _a Miscellaneous systems and treatments | ||
| 650 | _a Other systems of medicine | ||
| 650 | _aMedicine | ||
| 856 | _uhttps://doaj.org/toc/a7aafc85459547f294ce47efcb8a4a1b | ||
| 942 | _2ddc | ||
| 942 | _cDOAJEJ | ||
| 999 |
_c68208 _d68208 |
||
| 945 |
_a1 _bMadushi Gamage _c1 _dMadushi Gamage |
||